000 00533nam a2200169Ia 4500
003 GCL
008 140319s9999 xx 000 0 ara d
040 _aGCL /
_cGCL
082 0 4 _a811.009
_bم ش
100 1 _aمحمد الماكرى
245 1 0 _aالشكل والخطاب مدخل لتحليل ظاهراتى /
_cمحمد الماكرى
260 _a[S.N] :
_bالمركز الثقافى العربى ،
_c1991
300 _a319 ص
490 _a
650 0 4 _aالشعر العربى - تاريخ ونقد
942 _2ddc
_cBK
999 _c53116
_d53116